Taylor Swift - Elizabeth Taylor Lyrics - Statistics

General Stats
  • This quiz has been taken 34 times
  • The average score is 368 of 428
Answer Stats
Answer % Correct
(And
100%
And
100%
and
100%
be
100%
Be
100%
Do
100%
do
100%
(Do
100%
eyes
100%
for
100%
I
100%
it
100%
me
100%
my
100%
the
100%
when
100%
you
100%
But
96%
but
96%
cry
96%
Elizabeth
96%
(Elizabeth
96%
forever?
96%
forever
96%
forever?)
96%
if
96%
If
96%
it's
96%
mind
96%
of
96%
on
96%
Taylor
96%
Taylor)
96%
That
96%
think
96%
to
96%
violet
96%
at
93%
ever
93%
hates
93%
have
93%
Hollywood
93%
NY
93%
view
93%
was
93%
your
93%
All
89%
all
89%
Been
89%
can't
89%
fun
89%
had
89%
I'd
89%
know
89%
number
89%
one
89%
Plaza
89%
so
89%
they
89%
They
89%
two
89%
who
89%
why)
89%
why
89%
as
86%
feel
86%
glamorous
86%
hit
86%
never
86%
only
86%
baby
82%
doesn't
82%
"Goodbye"
82%
guys
82%
hot
82%
last
82%
real
82%
said
82%
stay
82%
Tell
82%
Under
82%
would
82%
You're
82%
you're
82%
letters
79%
trade
79%
away
75%
bright
75%
called
75%
lights
75%
Portofino
75%
promised
75%
right
75%
they'd
75%
could
71%
he
71%
(Just
71%
just
71%
news
71%
Oh
71%
(Oh)
71%
oh
71%
say
71%
We
71%
are
68%
Cartier
68%
get
68%
girl
68%
mine
68%
nothing
68%
oftentimes
68%
someone
68%
"Thanks"
68%
trust
68%
what
68%
white
68%
withered
68%
anything
64%
bad
64%
dry
64%
everything
64%
has
64%
Hey
64%
Look
64%
once?
64%
possibly
64%
Babe
61%
diamonds
61%
Don't
61%
end
61%
hypnotized
61%
leave
61%
like
61%
lovers
61%
up
61%
Frank's
57%
I'm
57%
high
54%
In
54%
in
54%
best
50%
bloom
50%
booth
46%
kidding)
46%
minds
46%
Musso
46%
Athénée
43%
their
43%
papers
39%
screen
36%
numbеr
4%
whеn
4%
No matching quizzes found
Score Distribution
Percent of People with Each Score
Percentile by Number Answered
Your Score History
You have not taken this quiz